[Event "Bad Woerishofen op"]
[Site "?"]
[Date "2000.??.??"]
[Round "5"]
[White "Buesdorf, Konrad"]
[Black "Fehres, Werner"]
[Result "0-1"]
[WhiteElo "1952"]
[BlackElo "1806"]
[Annotator "ChessOrg"]
[PlyCount "94"]
[EventDate "2000.??.??"]
[Source "ChessBase"]
[SourceDate "1998.04.29"]

1. d4 d6 2. c4 Nd7 3. e4 e5 4. d5 Ngf6 5. Nc3 Be7 6. Bd3 c5 7. Nge2 O-O 8. O-O
Ne8 9. f4 exf4 10. Nxf4 Ne5 11. Be2 Bd7 12. Be3 b6 13. Rc1 Nf6 14. b3 Bg4 15.
Nd3 Bxe2 16. Qxe2 Nfd7 17. a4 Nxd3 18. Qxd3 Ne5 19. Qe2 Qd7 20. Bf4 Bf6 21. Nb1
Rae8 22. Nd2 Ng6 23. Bg3 Bd4+ 24. Kh1 f5 25. Qd3 f4 26. Bf2 Ne5 27. Qe2 Bxf2
28. Rxf2 Qe7 29. h3 g5 30. Nf3 Qg7 31. Nh2 Qg6 32. Re1 Rf7 33. Nf3 Rfe7 34. Nd2
h5 35. Ra1 Nd7 36. Qf3 Nf6 37. Re2 Nxe4 38. Nxe4 Rxe4 39. Qd3 Qf6 40. Rxe4 Rxe4
41. Qxe4 Qxa1+ 42. Kh2 Qe5 43. Qg6+ Kf8 44. Qxh5 f3+ 45. Kg1 Qe1+ 46. Kh2 Qe5+
47. Kg1 Qe3+ 0-1

[Event "Bad Woerishofen op"]
[Site "?"]
[Date "2000.??.??"]
[Round "7"]
[White "Buesdorf, Konrad"]
[Black "Braeu, Ludwig"]
[Result "1/2-1/2"]
[WhiteElo "1952"]
[BlackElo "1830"]
[Annotator "ChessOrg"]
[PlyCount "89"]
[EventDate "2000.??.??"]
[Source "ChessBase"]
[SourceDate "1998.04.29"]

1. d4 d5 2. c4 c6 3. e3 Nf6 4. Nc3 e6 5. a3 Nbd7 6. Nf3 Bd6 7. b4 e5 8. cxd5
cxd5 9. dxe5 Nxe5 10. Be2 O-O 11. O-O Be6 12. Nd4 Re8 13. Ncb5 Bf8 14. Bb2 a6
15. Nxe6 Rxe6 16. Nd4 Re8 17. Rc1 Qd7 18. h3 b5 19. Nf3 Bd6 20. Nxe5 Bxe5 21.
Bxe5 Rxe5 22. Rc5 Ne4 23. Rc2 Rae8 24. Qd4 h5 25. Bf3 Ng5 26. Kh2 Qxh3+ 27.
gxh3 Nxf3+ 28. Kg3 Nxd4 29. exd4 Re4 30. Rd1 h4+ 31. Kf3 R8e6 32. Rdd2 Rf6+ 33.
Kg2 g5 34. Rc5 Rd6 35. Kf3 Rf4+ 36. Kg2 Kg7 37. f3 f5 38. Rd3 g4 39. fxg4 fxg4
40. hxg4 Rxg4+ 41. Kh3 Re4 42. Rc8 Rg6 43. Rd8 Re1 44. Kh2 Re2+ 45. Kh3 1/2-1/2

[Event "Bad Woerishofen op"]
[Site "Bad Woerishofen"]
[Date "2000.??.??"]
[Round "9"]
[White "Buesdorf, Konrad"]
[Black "Wieprecht, Gerhard"]
[Result "0-1"]
[WhiteElo "1952"]
[BlackElo "1855"]
[Annotator "ChessOrg"]
[PlyCount "104"]
[EventDate "1998.03.05"]
[Source "ChessBase"]
[SourceDate "1998.04.29"]

1. d4 Nf6 2. c4 e6 3. Nc3 Bb4 4. Bd2 O-O 5. Nf3 d5 6. e3 c5 7. cxd5 exd5 8.
dxc5 Bxc5 9. Na4 Be7 10. Nd4 Nc6 11. Bc3 Ne4 12. Be2 Nxc3 13. Nxc3 Nxd4 14.
Qxd4 Be6 15. O-O Bf6 16. Qb4 a5 17. Qa3 Rc8 18. Rac1 Be5 19. Rfd1 d4 20. Bf3
Qh4 21. g3 Qf6 22. Bxb7 dxc3 23. bxc3 Rxc3 24. Qxa5 Bg4 25. Re1 h5 26. a4 Rb8
27. Be4 g6 28. Rb1 Rcc8 29. Rxb8 Rxb8 30. Rc1 Bh3 31. Qd5 Rd8 32. Qa2 Qd6 33.
Qe2 Bg4 34. Qe1 Qd2 35. Rb1 Qxe1+ 36. Rxe1 Bc3 37. Rb1 Rd1+ 38. Rxd1 Bxd1 39.
Bc6 Kf8 40. f4 Ke7 41. e4 Bb3 42. Kg2 Kd6 43. Bb5 Kc5 44. e5 Be6 45. h3 Kd4 46.
Be8 Ke3 47. Bc6 Ba5 48. Bf3 Bxh3+ 49. Kxh3 Kxf3 50. f5 gxf5 51. Kh4 Ke4 52.
Kxh5 Kxe5 0-1

[Event "Bad Woerishofen op"]
[Site "?"]
[Date "2000.??.??"]
[Round "2"]
[White "Delander, Adolf"]
[Black "Gensbauer, Viktor"]
[Result "1-0"]
[WhiteElo "2327"]
[BlackElo "1792"]
[Annotator "ChessOrg"]
[PlyCount "99"]
[EventDate "2000.??.??"]
[Source "ChessBase"]
[SourceDate "1998.04.29"]

1. d4 Nf6 2. Nf3 e6 3. c4 d5 4. e3 Bb4+ 5. Bd2 Bxd2+ 6. Nbxd2 O-O 7. Bd3 Nbd7
8. O-O Re8 9. Qc2 c6 10. Ne5 Nf8 11. f4 N6d7 12. Ndf3 f6 13. Nxd7 Bxd7 14. e4
Rc8 15. Qb3 dxe4 16. Bxe4 Qc7 17. Qe3 Qb6 18. c5 Qc7 19. b4 Rcd8 20. Nd2 Bc8
21. Nc4 Re7 22. Nd6 Bd7 23. Rae1 Be8 24. Bc2 Rdd7 25. Bb3 Kh8 26. Qh3 Bg6 27.
g4 f5 28. gxf5 exf5 29. Re5 Rxd6 30. cxd6 Qxd6 31. Qc3 Rd7 32. d5 cxd5 33. Rxd5
Qb6+ 34. Qc5 Qxc5+ 35. bxc5 Rxd5 36. Bxd5 Nd7 37. Bxb7 h6 38. c6 Nb6 39. c7 Bf7
40. Rb1 Be6 41. c8=Q+ Bxc8 42. Bxc8 g6 43. Rc1 Nd5 44. Rc4 Kg7 45. Be6 Ne3 46.
Rc3 Ng4 47. h3 Nf6 48. Rc7+ Kh8 49. Rxa7 Ne4 50. a4 1-0

[Event "Bad Woerishofen op"]
[Site "?"]
[Date "2000.??.??"]
[Round "4"]
[White "Delander, Adolf"]
[Black "Potthammel, Joere"]
[Result "1-0"]
[WhiteElo "2327"]
[BlackElo "1907"]
[Annotator "ChessOrg"]
[PlyCount "97"]
[EventDate "2000.??.??"]
[Source "ChessBase"]
[SourceDate "1998.04.29"]

1. d4 Nf6 2. Nf3 g6 3. Nbd2 d5 4. c4 Bg7 5. e3 O-O 6. Be2 c5 7. O-O cxd4 8.
exd4 dxc4 9. Nxc4 b6 10. Nfe5 Bb7 11. Bf3 Bxf3 12. Qxf3 Qd5 13. Be3 Qxf3 14.
Nxf3 Nbd7 15. Rfc1 Nd5 16. Bd2 Rfc8 17. g3 Rc7 18. Ne3 N7f6 19. Rxc7 Nxc7 20.
Rc1 Ncd5 21. Kf1 Kf8 22. Ke2 Ke8 23. b4 h6 24. a3 Nxe3 25. fxe3 Ne4 26. Be1 Kd7
27. Kd3 Nd6 28. a4 Rc8 29. Rxc8 Nxc8 30. b5 Bf6 31. e4 Bg7 32. g4 Bf8 33. Ne5+
Ke8 34. Bg3 e6 35. Nc6 Kd7 36. h4 Bd6 37. e5 Ba3 38. h5 g5 39. Be1 Bf8 40. Kc4
Ba3 41. Bd2 Bf8 42. a5 Kc7 43. a6 Kd7 44. Be3 Kc7 45. d5 exd5+ 46. Kxd5 Ne7+
47. Nxe7 Bxe7 48. e6 fxe6+ 49. Kxe6 1-0

[Event "Bad Woerishofen op"]
[Site "?"]
[Date "2000.??.??"]
[Round "6"]
[White "Delander, Adolf"]
[Black "Weigel, Herbert"]
[Result "1/2-1/2"]
[WhiteElo "2327"]
[BlackElo "2188"]
[Annotator "ChessOrg"]
[PlyCount "30"]
[EventDate "2000.??.??"]
[Source "ChessBase"]
[SourceDate "1998.04.29"]

1. d4 Nf6 2. Nf3 e6 3. Nbd2 d5 4. c4 c5 5. e3 Nc6 6. Be2 Be7 7. O-O O-O 8. dxc5
Bxc5 9. a3 a5 10. b3 e5 11. cxd5 Nxd5 12. Ne4 Be7 13. Bb2 f6 14. Bc4 Be6 15.
Nc3 Nc7 1/2-1/2

[Event "Bad Woerishofen op"]
[Site "?"]
[Date "2000.??.??"]
[Round "8"]
[White "Delander, Adolf"]
[Black "Moeckel, Edgar"]
[Result "1/2-1/2"]
[WhiteElo "2327"]
[BlackElo "2106"]
[Annotator "ChessOrg"]
[PlyCount "29"]
[EventDate "2000.??.??"]
[Source "ChessBase"]
[SourceDate "1998.04.29"]

1. d4 Nf6 2. Nf3 d5 3. c4 e6 4. e3 c6 5. Nbd2 Nbd7 6. Bd3 dxc4 7. Nxc4 c5 8.
O-O b6 9. Nce5 Bb7 10. Nxd7 Nxd7 11. dxc5 Bxc5 12. Bb5 a6 13. Bxd7+ Qxd7 14.
Qxd7+ Kxd7 15. Bd2 1/2-1/2

[Event "Bad Woerishofen op"]
[Site "?"]
[Date "2000.??.??"]
[Round "1"]
[White "Diete, Guenter"]
[Black "Fels, Karl-Heinz"]
[Result "0-1"]
[WhiteElo "1655"]
[BlackElo "1927"]
[Annotator "ChessOrg"]
[PlyCount "118"]
[EventDate "2000.??.??"]
[Source "ChessBase"]
[SourceDate "1998.04.29"]

1. e4 e5 2. Nf3 Nc6 3. Bc4 Nf6 4. Nc3 Be7 5. O-O d6 6. h3 Na5 7. Be2 c5 8. d3
O-O 9. Bd2 Nc6 10. Qc1 a6 11. Nh2 Nd4 12. Bd1 b5 13. Ne2 Nxe2+ 14. Bxe2 Qb6 15.
f4 exf4 16. Bxf4 Nd7 17. Be3 Ne5 18. Nf3 Bb7 19. Qe1 Bf6 20. c3 Nxf3+ 21. Bxf3
Qc7 22. Qf2 Qe7 23. Rae1 Bh4 24. g3 Bg5 25. Qd2 Bxe3+ 26. Qxe3 Qe6 27. Bg4 Qxa2
28. Rf2 Qa5 29. Ref1 Qc7 30. Qf4 Bc8 31. h4 Bxg4 32. Qxg4 Qc8 33. Rf5 Qe6 34.
h5 h6 35. Qf4 f6 36. Rd5 Rfd8 37. Rf5 a5 38. Qg4 Rf8 39. Qg6 a4 40. g4 Qe8 41.
Rd5 Qxg6 42. hxg6 Ra6 43. Ra1 Rb8 44. Kf2 b4 45. c4 a3 46. b3 Re8 47. Ra2 Kf8
48. Ke3 Re5 49. Kf4 Ke7 50. Ke3 Rg5 51. Rxg5 fxg5 52. d4 Kf6 53. dxc5 dxc5 54.
Kd3 Ke5 55. Ke3 Rxg6 56. Rd2 Rd6 57. Rf2 Ra6 58. Ra2 g6 59. Kd3 h5 0-1

[Event "Bad Woerishofen op"]
[Site "?"]
[Date "2000.??.??"]
[Round "3"]
[White "Diete, Guenter"]
[Black "Schratzenstaller, Andreas"]
[Result "1-0"]
[WhiteElo "1655"]
[BlackElo "1828"]
[Annotator "ChessOrg"]
[PlyCount "84"]
[EventDate "2000.??.??"]
[Source "ChessBase"]
[SourceDate "1998.04.29"]

1. e4 d5 2. e5 d4 3. Bc4 c5 4. d3 Nc6 5. Bd2 Nxe5 6. Bb3 Nf6 7. h3 e6 8. f4 Nc6
9. Na3 Be7 10. Nc4 Nd5 11. Qf3 Qc7 12. Ne2 b6 13. O-O Bb7 14. f5 Nf6 15. fxe6
fxe6 16. Nf4 Nd8 17. Ba4+ Kf7 18. Qe2 Rf8 19. Bb3 Kg8 20. Nxe6 Nxe6 21. Qxe6+
Kh8 22. Bf4 Qc6 23. Qe2 Nd5 24. Bd2 Bf6 25. Rae1 Rfe8 26. Qg4 Ne3 27. Bxe3 dxe3
28. Re2 Rad8 29. Kh1 Bc8 30. Qf3 Qd7 31. Rxe3 b5 32. Rxe8+ Rxe8 33. Nd2 Bb7 34.
Qf2 Qxh3+ 35. Kg1 Qh5 36. c3 Re2 37. Bd1 Rxf2 38. Bxh5 Rxf1+ 39. Kxf1 Bg5 40.
Nb3 c4 41. dxc4 bxc4 42. Na5 Bc1 1-0

[Event "Bad Woerishofen op"]
[Site "?"]
[Date "2000.??.??"]
[Round "4"]
[White "Diete, Guenter"]
[Black "Betz, Egon"]
[Result "1-0"]
[WhiteElo "1655"]
[BlackElo "1910"]
[Annotator "ChessOrg"]
[PlyCount "77"]
[EventDate "2000.??.??"]
[Source "ChessBase"]
[SourceDate "1998.04.29"]

1. e4 c5 2. b4 cxb4 3. Bb2 e6 4. Nf3 Nf6 5. e5 Nd5 6. d4 Qc7 7. Qd2 Be7 8. Bd3
b6 9. O-O Ba6 10. Rc1 Bxd3 11. Qxd3 Nc6 12. c4 bxc3 13. Nxc3 Nxc3 14. Rxc3 Qd8
15. d5 Nb4 16. Qe4 Nxd5 17. Rd3 O-O 18. Rad1 Rc8 19. h4 Rc7 20. Ng5 g6 21. Rg3
Bxg5 22. Rxg5 Nc3 23. Bxc3 Rxc3 24. Qg4 Kg7 25. h5 Qc7 26. Rd4 Rc1+ 27. Kh2 f5
28. Rxg6+ Kh8 29. Qh4 Qxe5+ 30. g3 Qe1 31. Kg2 Qf1+ 32. Kf3 Rc3+ 33. Kf4 Qxf2+
34. Ke5 Re3+ 35. Kd6 Qc2 36. Rc4 Qxa2 37. Qd4+ e5 38. Qxe3 Qxc4 39. Qxe5+ 1-0

[Event "Bad Woerishofen op"]
[Site "?"]
[Date "2000.??.??"]
[Round "7"]
[White "Diete, Guenter"]
[Black "Zunker, Reinhard"]
[Result "0-1"]
[WhiteElo "1655"]
[BlackElo "2225"]
[Annotator "ChessOrg"]
[PlyCount "56"]
[EventDate "2000.??.??"]
[Source "ChessBase"]
[SourceDate "1998.04.29"]

1. e4 b6 2. Nc3 Bb7 3. d4 e6 4. Bd3 c5 5. Be3 cxd4 6. Bxd4 Nc6 7. Be3 Nf6 8.
Nf3 Be7 9. O-O d6 10. a3 Ng4 11. Bc1 a6 12. h3 Nf6 13. Be3 h6 14. Ne2 g5 15. g4
h5 16. Bxg5 hxg4 17. Bxf6 Bxf6 18. hxg4 Rg8 19. Nh2 Bxb2 20. Ra2 Bg7 21. f4 b5
22. c3 Qb6+ 23. Rf2 Rh8 24. Nf3 Rh1+ 25. Kxh1 Qxf2 26. Nc1 Qg3 27. Rg2 Qxf4 28.
Ne2 Qxf3 0-1

[Event "Bad Woerishofen op"]
[Site "Bad Woerishofen"]
[Date "2000.??.??"]
[Round "9"]
[White "Diete, Guenter"]
[Black "von Hoesslin, Holger"]
[Result "1/2-1/2"]
[WhiteElo "1655"]
[BlackElo "1800"]
[Annotator "ChessOrg"]
[PlyCount "133"]
[EventDate "1998.03.05"]
[Source "ChessBase"]
[SourceDate "1998.04.29"]

1. e4 d6 2. Bc4 Nf6 3. Nc3 c6 4. d4 g6 5. Nf3 Bg4 6. h3 Bxf3 7. Qxf3 Nbd7 8.
Bb3 Bg7 9. O-O O-O 10. Be3 Qc7 11. Rad1 e5 12. dxe5 dxe5 13. Rd2 b5 14. Rfd1 a6
15. a4 b4 16. Na2 a5 17. Bc4 Rad8 18. b3 Nb6 19. Bd3 Rfe8 20. c4 c5 21. Bg5
Nbd7 22. Qe3 Nf8 23. Qf3 Qb6 24. Nc1 h6 25. Bh4 g5 26. Bg3 Ng6 27. Ne2 Rd6 28.
Qe3 Red8 29. f3 Nh5 30. Bf2 Nhf4 31. Nc1 Ne6 32. g3 Nd4 33. Kg2 R8d7 34. Rh1
Qd8 35. Rhd1 Bf6 36. Qe1 h5 37. Bxd4 Rxd4 38. Qe3 h4 39. Ne2 hxg3 40. Nxd4 Nf4+
41. Kxg3 exd4 42. Qe1 Be5 43. Kf2 Nxh3+ 44. Kf1 Qf6 45. Qe2 Kg7 46. Qg2 Nf4 47.
Qg4 Qh6 48. Ke1 Qh1+ 49. Bf1 Ne6 50. Rg2 d3 51. Rg1 Bc3+ 52. Rd2 Qh2 53. Qg2
Qf4 54. Kd1 Bxd2 55. Qxd2 Qxf3+ 56. Kc1 f6 57. Bg2 Qf4 58. Bh3 Qe5 59. Kb1 Rd8
60. Bf5 Nf4 61. Rh1 Rh8 62. Rxh8 Kxh8 63. Qh2+ Kg8 64. Qh7+ Kf8 65. Qh8+ Ke7
66. Qg7+ Ke8 67. Qg8+ 1/2-1/2

[Event "Bad Woerishofen op"]
[Site "?"]
[Date "2000.??.??"]
[Round "1"]
[White "Dinser, Hans"]
[Black "Wegener, Wilfried"]
[Result "1-0"]
[WhiteElo "1939"]
[BlackElo "1660"]
[Annotator "ChessOrg"]
[PlyCount "101"]
[EventDate "2000.??.??"]
[Source "ChessBase"]
[SourceDate "1998.04.29"]

1. d4 d5 2. c4 e6 3. Nc3 Nf6 4. Nf3 Be7 5. Bf4 O-O 6. e3 a6 7. Bd3 dxc4 8. Bxc4
b5 9. Bd3 Bb7 10. O-O Nbd7 11. Rc1 Rc8 12. Ne5 c5 13. Nxd7 Qxd7 14. Be5 cxd4
15. exd4 Rfd8 16. Qe2 g6 17. a3 Qe8 18. Be4 Rxc3 19. Bxb7 Rxc1 20. Rxc1 Qd7 21.
Rc7 Qe8 22. g3 Nd5 23. Rc1 b4 24. axb4 Qb5 25. Bxa6 Qxe2 26. Bxe2 Bxb4 27. Bf3
Bd6 28. Bxd5 Bxe5 29. dxe5 Rxd5 30. f4 Kg7 31. b4 Rb5 32. Rb1 f6 33. exf6+ Kxf6
34. Kf2 Kf5 35. Kf3 h5 36. h3 e5 37. fxe5 Kxe5 38. Re1+ Kf5 39. Re4 g5 40. g4+
hxg4+ 41. hxg4+ Kf6 42. Rc4 Ke5 43. Rc5+ Rxc5 44. bxc5 Kd5 45. c6 Kxc6 46. Ke4
Kd6 47. Kf5 Ke7 48. Kxg5 Kf7 49. Kh6 Kg8 50. Kg6 Kh8 51. Kf7 1-0

[Event "Bad Woerishofen op"]
[Site "?"]
[Date "2000.??.??"]
[Round "3"]
[White "Dinser, Hans"]
[Black "Nowotny, Heinz"]
[Result "1-0"]
[WhiteElo "1939"]
[BlackElo "2255"]
[Annotator "ChessOrg"]
[PlyCount "115"]
[EventDate "2000.??.??"]
[Source "ChessBase"]
[SourceDate "1998.04.29"]

1. d4 Nf6 2. c4 e6 3. Nc3 Bb4 4. Qc2 O-O 5. a3 Bxc3+ 6. bxc3 h6 7. e4 d5 8. e5
Nfd7 9. f4 b6 10. cxd5 exd5 11. Nf3 Ba6 12. Bxa6 Nxa6 13. O-O c5 14. Qd3 c4 15.
Qf5 Nc7 16. Bd2 Qe7 17. Qh3 f5 18. g4 fxg4 19. Qxg4 Qe6 20. Qg3 Kh7 21. Nh4 g6
22. Rf2 Rf7 23. Raf1 Rg8 24. Kh1 Nf8 25. Qe3 Qg4 26. Ng2 Rf5 27. Qg3 Qxg3 28.
hxg3 h5 29. Nh4 Rf7 30. Kh2 Nce6 31. f5 gxf5 32. Rxf5 Rxf5 33. Rxf5 Rg4 34.
Rxh5+ Kg8 35. Nf5 Re4 36. Ne3 Kg7 37. Rh4 Ng5 38. Rxe4 Nxe4 39. Be1 Ne6 40.
Nxd5 b5 41. Kg2 N6g5 42. Nc7 a6 43. Nxa6 Ne6 44. d5 N6c5 45. Nxc5 Nxc5 46. Bf2
Nd3 47. Bd4 Ne1+ 48. Kf2 Nc2 49. Ke2 Kf8 50. Kd2 Na1 51. e6 Nb3+ 52. Kc2 Ke7
53. g4 Kd6 54. Be5+ Ke7 55. g5 Nc5 56. Bf6+ Ke8 57. g6 Ne4 58. Be5 1-0

[Event "Bad Woerishofen op"]
[Site "?"]
[Date "2000.??.??"]
[Round "5"]
[White "Dinser, Hans"]
[Black "Rahn, Oskar"]
[Result "1/2-1/2"]
[WhiteElo "1939"]
[BlackElo "2095"]
[Annotator "ChessOrg"]
[PlyCount "65"]
[EventDate "2000.??.??"]
[Source "ChessBase"]
[SourceDate "1998.04.29"]

1. d4 Nf6 2. c4 e5 3. dxe5 Ng4 4. Bf4 Nc6 5. Nf3 Bb4+ 6. Nbd2 f6 7. exf6 Qxf6
8. e3 Qxb2 9. h3 Nge5 10. Rc1 Nxf3+ 11. gxf3 d6 12. Rc2 Qf6 13. Bg2 Bf5 14. O-O
Bxc2 15. Qxc2 Bxd2 16. Qxd2 O-O 17. Bh2 Rab8 18. f4 Ne7 19. Qa5 c6 20. Kh1 b5
21. cxb5 Rxb5 22. Qxa7 d5 23. a4 Rb2 24. e4 dxe4 25. Bxe4 Qe6 26. Qd4 Re2 27.
Bf3 Re1 28. Rxe1 Qxe1+ 29. Kg2 Nf5 30. Qc4+ Kh8 31. Bxc6 Nh4+ 32. Kg3 Nf5+ 33.
Kg2 1/2-1/2

[Event "Bad Woerishofen op"]
[Site "?"]
[Date "2000.??.??"]
[Round "7"]
[White "Dinser, Hans"]
[Black "Fischer, Ernst"]
[Result "0-1"]
[WhiteElo "1939"]
[BlackElo "2198"]
[Annotator "ChessOrg"]
[PlyCount "78"]
[EventDate "2000.??.??"]
[Source "ChessBase"]
[SourceDate "1998.04.29"]

1. d4 d5 2. e4 c6 3. e5 Bf5 4. c3 e6 5. Nd2 c5 6. Bb5+ Nc6 7. Ngf3 Qb6 8. Bxc6+
bxc6 9. O-O cxd4 10. Nxd4 Bg6 11. Kh1 Ne7 12. f4 c5 13. Qa4+ Kd8 14. N4f3 Nf5
15. Re1 h5 16. Nf1 h4 17. Ne3 Be7 18. Nxf5 Bxf5 19. h3 a6 20. Be3 Qb5 21. Qxb5
axb5 22. b3 Ra3 23. Bc1 Ra6 24. a4 bxa4 25. Re2 Kd7 26. Rea2 Rha8 27. Rxa4 Rxa4
28. bxa4 Bc2 29. a5 Kc6 30. Bd2 Bd3 31. Ne1 Be4 32. a6 Kb6 33. Kg1 Rxa6 34.
Rxa6+ Kxa6 35. Kf2 Kb5 36. g4 hxg3+ 37. Kxg3 Kc4 38. h4 g6 39. Kg4 Bd8 0-1

[Event "Bad Woerishofen op"]
[Site "Bad Woerishofen"]
[Date "2000.??.??"]
[Round "9"]
[White "Dinser, Hans"]
[Black "Spaethe, Erwin"]
[Result "1-0"]
[WhiteElo "1939"]
[BlackElo "1690"]
[Annotator "ChessOrg"]
[PlyCount "49"]
[EventDate "1998.03.05"]
[Source "ChessBase"]
[SourceDate "1998.04.29"]

1. d4 Nf6 2. c4 g6 3. Nc3 Bg7 4. e4 d6 5. f4 O-O 6. Nf3 c5 7. d5 Nbd7 8. Be2 b5
9. cxb5 a6 10. O-O axb5 11. Bxb5 Ba6 12. Bxa6 Rxa6 13. h3 Qb6 14. Kh2 Rfa8 15.
Qe2 Nh5 16. e5 Bh6 17. g3 Nf8 18. Ng5 Ng7 19. g4 Bxg5 20. fxg5 dxe5 21. Qxe5
Re8 22. Qf4 f6 23. Ne4 Nd7 24. b3 Ne5 25. gxf6 1-0

[Event "Bad Woerishofen op"]
[Site "?"]
[Date "2000.??.??"]
[Round "2"]
[White "Disselberger, Alfons"]
[Black "Buchner, Matthias"]
[Result "0-1"]
[WhiteElo "1271"]
[BlackElo "1683"]
[Annotator "ChessOrg"]
[PlyCount "77"]
[EventDate "2000.??.??"]
[Source "ChessBase"]
[SourceDate "1998.04.29"]

1. e4 c5 2. Nf3 d6 3. d4 Bg4 4. Bc4 e6 5. d5 exd5 6. Bxd5 Nc6 7. Bxf7+ Kxf7 8.
Ng5+ Qxg5 9. Bxg5 Bxd1 10. Kxd1 Be7 11. Be3 Nf6 12. f3 Rhe8 13. Nd2 b5 14. a4
a6 15. c3 d5 16. axb5 axb5 17. Ke2 h6 18. g4 g5 19. Nb3 dxe4 20. h3 exf3+ 21.
Kxf3 Ne5+ 22. Ke2 Ne4 23. Rhf1+ Kg6 24. Rfd1 Rxa1 25. Rxa1 Rf8 26. Ra6+ Rf6 27.
Rxf6+ Kxf6 28. Nd2 Nxd2 29. Bxd2 Nc4 30. b3 Nxd2 31. Kxd2 Ke5 32. Ke3 Kd5 33.
Kd3 Bf6 34. c4+ bxc4+ 35. bxc4+ Ke5 36. Ke3 Bd8 37. Kf3 Kd4 38. Kg3 Kxc4 39.
Kf3 0-1

[Event "Bad Woerishofen op"]
[Site "?"]
[Date "2000.??.??"]
[Round "4"]
[White "Disselberger, Alfons"]
[Black "Nygaard, Kaare"]
[Result "1-0"]
[WhiteElo "1271"]
[BlackElo "1238"]
[Annotator "ChessOrg"]
[PlyCount "87"]
[EventDate "2000.??.??"]
[Source "ChessBase"]
[SourceDate "1998.04.29"]

1. e4 c5 2. Nf3 d6 3. Bb5+ Bd7 4. Qe2 a6 5. Bxd7+ Nxd7 6. Nc3 e6 7. d3 Be7 8.
h4 Ngf6 9. h5 Qc7 10. Ng5 h6 11. Nh3 Nb6 12. Bf4 e5 13. Bc1 O-O-O 14. f4 Qd7
15. f5 d5 16. Nf2 d4 17. Nb1 Kb8 18. b3 Rde8 19. Na3 Qd8 20. Bd2 Nbd7 21. Ng4
Nxg4 22. Qxg4 Bg5 23. Nc4 Bxd2+ 24. Nxd2 Qg5 25. Qxg5 hxg5 26. Nf3 g4 27. Nd2
Rh6 28. Nf1 Reh8 29. Ng3 Nf6 30. Kf2 Nxh5 31. Rxh5 Rxh5 32. Nxh5 Rxh5 33. Kg3
Rg5 34. Rh1 f6 35. Rh4 Kc7 36. Rxg4 Kd7 37. Rxg5 fxg5 38. Kg4 Ke7 39. Kxg5 Kf7
40. g4 b5 41. a3 a5 42. a4 c4 43. dxc4 bxc4 44. bxc4 1-0

[Event "Bad Woerishofen op"]
[Site "?"]
[Date "2000.??.??"]
[Round "6"]
[White "Disselberger, Alfons"]
[Black "Antusch, Ingrid"]
[Result "1/2-1/2"]
[WhiteElo "1271"]
[BlackElo "1550"]
[Annotator "ChessOrg"]
[PlyCount "120"]
[EventDate "2000.??.??"]
[Source "ChessBase"]
[SourceDate "1998.04.29"]

1. e4 d5 2. exd5 Qxd5 3. Nc3 Qa5 4. Nf3 Nf6 5. g3 Bg4 6. Bg2 c6 7. O-O e6 8. d3
Be7 9. h3 Bh5 10. Bd2 Qc7 11. Bf4 Qb6 12. Qc1 Nbd7 13. g4 Bg6 14. Nh2 h6 15.
Ne4 Nd5 16. Nd6+ Kf8 17. Bg3 Rb8 18. Nc4 Qd8 19. Bxb8 Qxb8 20. Nf3 Nf4 21. Re1
h5 22. g5 h4 23. Qd1 Bf5 24. Nce5 Nxe5 25. Nxe5 Qd6 26. Qf3 Bxg5 27. Re4 Bxe4
28. Qxe4 Nh5 29. Re1 Ke7 30. Qg4 Bf6 31. Qe4 g5 32. c3 Bxe5 33. Qxe5 Qxe5 34.
Rxe5 f6 35. Ra5 Ra8 36. d4 Nf4 37. Kh2 Nxg2 38. Kxg2 b6 39. Ra6 f5 40. c4 Kd6
41. Ra3 c5 42. Rd3 cxd4 43. Rxd4+ Kc5 44. Rd7 Rg8 45. f3 a5 46. b3 Rg6 47. Rd3
e5 48. Rd5+ Kb4 49. Rxe5 Rf6 50. Rd5 a4 51. Rb5+ Ka3 52. bxa4 Kxa4 53. Rb3 Ka5
54. Rb5+ Ka4 55. Rb3 Rc6 56. Rb5 Rc5 57. Rxb6 Rxc4 58. Rb2 Rc5 59. Rd2 Ka3 60.
Re2 Rb5 1/2-1/2

[Event "Bad Woerishofen op"]
[Site "?"]
[Date "2000.??.??"]
[Round "8"]
[White "Disselberger, Alfons"]
[Black "Girod, Gudrun"]
[Result "1-0"]
[WhiteElo "1271"]
[BlackElo "1500"]
[Annotator "ChessOrg"]
[PlyCount "49"]
[EventDate "2000.??.??"]
[Source "ChessBase"]
[SourceDate "1998.04.29"]

1. e4 e5 2. Bc4 Nf6 3. d3 Be7 4. Nf3 d6 5. c3 Bg4 6. Bb3 Nbd7 7. Nbd2 c6 8. O-O
O-O 9. Re1 d5 10. exd5 cxd5 11. h3 Bh5 12. Nf1 h6 13. Ng3 Bxf3 14. Qxf3 Nc5 15.
Rxe5 Nxb3 16. axb3 Qc7 17. Re1 Rfe8 18. Bf4 Bd6 19. Bxd6 Rxe1+ 20. Rxe1 Qxd6
21. Nf5 Qb6 22. Ne7+ Kf8 23. Nxd5 Nxd5 24. Qxd5 Rd8 25. Qc4 1-0

[Event "Bad Woerishofen op"]
[Site "?"]
[Date "2000.??.??"]
[Round "1"]
[White "Dryzek, Tadeusz"]
[Black "Reinke, Kurt"]
[Result "1-0"]
[WhiteElo "2183"]
[BlackElo "1786"]
[Annotator "ChessOrg"]
[PlyCount "95"]
[EventDate "2000.??.??"]
[Source "ChessBase"]
[SourceDate "1998.04.29"]

1. e4 c5 2. Nf3 d6 3. d4 cxd4 4. Nxd4 Nf6 5. Nc3 a6 6. Be2 e5 7. Nb3 Be6 8. Bf3
b5 9. O-O Nbd7 10. Be3 Rc8 11. g3 Be7 12. Bg2 O-O 13. h3 Qc7 14. a3 Nb6 15. Nd2
Nc4 16. Nxc4 Bxc4 17. Re1 h6 18. Qd2 Rfd8 19. Rac1 Be6 20. Kh2 Qb7 21. Red1 Rd7
22. f4 Rdc7 23. g4 Rc4 24. Qd3 R4c7 25. Qd2 Bf8 26. g5 hxg5 27. f5 Bc4 28. Bxg5
Nh7 29. Bh4 f6 30. Bf3 b4 31. axb4 Qxb4 32. Rb1 Bf7 33. Qe2 a5 34. Be1 Qb7 35.
Rdc1 Ng5 36. Bg2 Rc4 37. h4 Nh7 38. Qe3 Bh5 39. Bf1 Rd4 40. Bd3 Rb4 41. b3 Qa8
42. Ra1 d5 43. Nxd5 Bc5 44. Qg3 Rb7 45. Rxa5 Ra7 46. Rca1 Rxa5 47. Rxa5 Ba7 48.
Ne7+ 1-0

[Event "Bad Woerishofen op"]
[Site "?"]
[Date "2000.??.??"]
[Round "3"]
[White "Dryzek, Tadeusz"]
[Black "Wild, Gerhard"]
[Result "0-1"]
[WhiteElo "2183"]
[BlackElo "1973"]
[Annotator "ChessOrg"]
[PlyCount "130"]
[EventDate "2000.??.??"]
[Source "ChessBase"]
[SourceDate "1998.04.29"]

1. e4 c5 2. Nf3 e6 3. d4 cxd4 4. Nxd4 Nf6 5. Nc3 d6 6. Bg5 Be7 7. Qd2 a6 8.
O-O-O Nbd7 9. Nb3 b5 10. a3 Bb7 11. f3 Rc8 12. Kb1 O-O 13. Be2 Qc7 14. g4 Rfd8
15. Bf4 Nb6 16. Bg3 Nc4 17. Bxc4 Qxc4 18. Qe3 Ba8 19. h4 Ne8 20. g5 Bf8 21. h5
d5 22. Be5 dxe4 23. fxe4 b4 24. axb4 Bxb4 25. Rde1 a5 26. Rh2 a4 27. Nd2 Qc5
28. Qf4 Qa5 29. Rf1 Rd7 30. Rg2 Bxc3 31. Bxc3 Rxc3 32. bxc3 Qxc3 33. Rf3 Rb7+
34. Nb3 Qe1+ 35. Kb2 axb3 36. cxb3 Ra7 37. Rf1 Qxe4 38. Qxe4 Bxe4 39. Rd2 Bd5
40. Kc3 Kf8 41. Rb2 Ke7 42. b4 Nd6 43. Kd4 Rb7 44. Ra1 f6 45. gxf6+ gxf6 46. b5
Rxb5 47. Ra7+ Rb7 48. Rbxb7+ Nxb7 49. Ra8 Kf7 50. Rc8 Kg7 51. Rc7+ Kh6 52. Rf7
f5 53. Ke5 Nd8 54. Rd7 Nc6+ 55. Kf4 Nd4 56. Re7 Ne2+ 57. Ke5 Ng3 58. Ra7 Nxh5
59. Ra3 f4 60. Ra1 Kg5 61. Rg1+ Ng3 62. Kd4 Kg4 63. Kd3 h5 64. Kd2 h4 65. Ke1
h3 0-1

[Event "Bad Woerishofen op"]
[Site "?"]
[Date "2000.??.??"]
[Round "5"]
[White "Dryzek, Tadeusz"]
[Black "Wieprecht, Gerhard"]
[Result "1-0"]
[WhiteElo "2183"]
[BlackElo "1855"]
[Annotator "ChessOrg"]
[PlyCount "109"]
[EventDate "2000.??.??"]
[Source "ChessBase"]
[SourceDate "1998.04.29"]

1. e4 c5 2. Nf3 d6 3. d4 cxd4 4. Nxd4 Nf6 5. Nc3 g6 6. Bc4 Bg7 7. O-O O-O 8. h3
Nc6 9. Be3 Bd7 10. Nf3 Rc8 11. Bb3 a6 12. Nd2 Na5 13. f4 Nxb3 14. Nxb3 Bc6 15.
Qd3 Qc7 16. Nd4 Rfd8 17. Nxc6 Qxc6 18. Rad1 Qc7 19. Rd2 Qc4 20. Rfd1 Qxd3 21.
Rxd3 Kf8 22. g4 b5 23. e5 Ne8 24. R1d2 Rd7 25. Ne4 Rdc7 26. exd6 Nxd6 27. Nxd6
exd6 28. c3 Rc6 29. Rxd6 Ke7 30. Rd7+ Ke8 31. Rb7 R8c7 32. Rxc7 Rxc7 33. Rd6
Re7 34. Kf2 Re6 35. Rd2 Rc6 36. Kf3 Ke7 37. Bd4 Bf8 38. b4 Ke6 39. g5 Bd6 40.
Ke4 Rc4 41. h4 Rc8 42. Rf2 Rc4 43. h5 Rc8 44. f5+ gxf5+ 45. Rxf5 Be7 46. Re5+
Kd7 47. Kd5 Rg8 48. Be3 f6 49. gxf6 Bxf6 50. Rf5 Bxc3 51. Rf7+ Ke8 52. Rc7 Bxb4
53. Ke6 Kd8 54. Bb6 Be7 55. Rc6+ 1-0